Ruh, zihin ve psikanalist: (Record no. 13325)
[ view plain ]
| 000 -BAŞLIK | |
|---|---|
| Sabit Uzunlukta Kontrol Alanı | 01024nam a22002537a 4500 |
| 999 ## - SİSTEM KONTROL NUMARALARI (KOHA) | |
| Koha Biblionumber | 13325 |
| Koha Biblioitemnumber | 13325 |
| 003 - KONTROL NUMARASI IDENTIFIER | |
| Denetim Alanı | MIRAKIL |
| 005 - SON İŞLEM TARİHİ VE ZAMANI | |
| Denetim Alanı | 20190619153627.0 |
| 008 - SABİT-BOY VERİ ELEMANLARI - GENEL BİLGİLER | |
| Sabit Uzunlukta Kontrol Alanı | 190619b tu ||||| |||| 00| 0 tur d |
| 020 ## - ULUSLARARASI STANDART KİTAP NUMARASI | |
| Uluslararası Standart Kitap Numarası | 9786053994282 |
| 040 ## - KATALOGLAMA KAYNAK | |
| Orijinal Kataloglama Ajansı | TRAn-CHP |
| Metne Dönüştürmek Ajansı | TRAn-CHP |
| 082 ## - DEWEY ONLU SINIFLANDIRMA NUMARASI | |
| Sınıflandırma Numarası | 150.195 |
| Ürün Numarası | R67r 2015 |
| 100 1# - ANA GİRİŞ - KİŞİSEL İSİM | |
| Kişisel Ad | Rosenfeld, David. |
| 245 10 - BAŞLIK TABLOSU | |
| Başlık | Ruh, zihin ve psikanalist: |
| Başlığın Kalan | psikotik yönleri olan hastalarla psikanalitik çerçevenin yaratılması/ |
| Sorumluluk Tablosu, Vb | David Rosenfeld; çeviren Sevil Uzunoğlu. |
| 246 30 - UNVAN FORM VARYING | |
| Başlık Doğru / Kısa Başlığı | Psikotik yönleri olan hastalarla psikanalitik çerçevenin yaratılması. |
| 260 ## - YAYIN, DAĞITIM, VB | |
| Yayın, Dağıtım, Vb Yeri | İstanbul: |
| Yayıncı, Dağıtıcı, Vs Adı | İstanbul Bilgi Üniversitesi Yayınları, |
| Yayın, Dağıtım, Vb Tarihi | 2015. |
| 300 ## - FİZİKSEL TANIM | |
| Kapsam | xix, 241 s.: |
| Diğer Fiziksel Ayrıntıları | çiz.; |
| Boyutlar | 23 sm. |
| 490 1# - SERİSİ TABLOSU | |
| Seri Beyanı | İstanbul Bilgi Üniversitesi Yayınları; |
| Hacim / Ardışık Tanımı | 539. |
| Seri Beyanı | Psike İstanbul Psikanaliz Kitaplığı, Şimdi ve Burada; |
| Hacim / Ardışık Tanımı | 6. |
| 504 ## - KAYNAKÇA VB NOT | |
| Kaynakça Vb Notu | Kaynakça ve dizin vardır. |
| 650 #0 - KONU KATMA GİRİŞ - TOPİKAL DÖNEM | |
| Topikal Süreli Veya Coğrafi Ad Giriş Elemanı | Psikanaliz |
| 9 (RLIN) | 5678 |
| Genel Alt Bölümü | uygulama |
| 650 #0 - KONU KATMA GİRİŞ - TOPİKAL DÖNEM | |
| Topikal Süreli Veya Coğrafi Ad Giriş Elemanı | Psikoterapi |
| 9 (RLIN) | 5837 |
| 650 #0 - KONU KATMA GİRİŞ - TOPİKAL DÖNEM | |
| Topikal Süreli Veya Coğrafi Ad Giriş Elemanı | Psikozlar |
| 9 (RLIN) | 5838 |
| Genel Alt Bölümü | tedavi |
| 700 1# - KATMA GİRİŞ - KİŞİSEL İSİM | |
| Kişisel Ad | Uzunoğlu, Sevil. |
| Relator Terim | çev. |
| 942 ## - EKLENDİ GİRİŞ ELEMANLARI (KOHA) | |
| Sınıflandırma Veya Raf Düzeni Kaynak | Dewey Decimal Classification |
| Koha Öğesi Türü | Books |
| Kalıcı Konum | Mevcut Konum | Edinme Tarihi | Toplam Check-Out'Lar | Tam Çağrı Numarası | Barkod | Tarih Son Görülme | İtibaren Geçerli Fiyatlar | Koha Öğesi Türü |
|---|---|---|---|---|---|---|---|---|
| CHP Kütüphanesi | CHP Kütüphanesi | 06/19/2019 | 150.195 R67r 2015 | 019221 | 06/19/2019 | 06/19/2019 | Books |
